Statistics for Discord Bots Quiz

Click here to take the quiz!

General Stats

  • This quiz has been taken 17 times
  • The average score is 13 of 75

Answer Stats

#Bot% Correct
1MEE6
89%
3Dank Memer
78%
11Groovy
67%
2Dyno
56%
8Rythm
56%
50Arcane
44%
7Carl-bot
44%
67DISBOARD
44%
20Mudae
33%
43OwO
33%
6Plasma
33%
44ProBot
33%
9Rythm 2
33%
38ZeroTwo
33%
59Eli
22%
18Epic RPG
22%
14Giveaway Bot
22%
19Idle RPG
22%
21Karuta
22%
15Poketwo
22%
35TacoShack
22%
51Tatsu
22%
30UnbelievaBoat
22%
24AltDentifier
11%
61AniGame
11%
41Animated Emojis
11%
46Chip
11%
25Crowby
11%
68Donate Bot
11%
33DuckHunt
11%
54ErensiBot
11%
66gambling bot
11%
37Hydra
11%
17Idle Miner
11%
52Koya
11%
57Lawliet
11%
49Loritta
11%
58MC-AT
11%
65Mewbot
11%
32Miki
11%
16Myuu
11%
5Nadeko
11%
45Namiko
11%
42Nekotina
11%
48NuggetBot
11%
34Pancake
11%
22PokeMeow
11%
23Raid-Helper
11%
71Reaction Roles
11%
12RickBot
11%
26Server Help
11%
75Server Stats
11%
64Sheriff
11%
62Shoob
11%
27Thetis
11%
60TriviaBot
11%
69Welcomer
11%
74Xenon
11%
55Yui
11%
53AstolfoBot
0%
4Auttaja
0%
47CheemsBot
0%
63Cold Gambling
0%
31MathBot
0%
70NQN
0%
39Redditor
0%
10Rythm Canary
0%
29Saber Bot
0%
13Santa Wumpus
0%
28STORM Music
0%
36Strodl Bot
0%
40W Giveaways
0%
72YAGPBD.xyz
0%
56Yggradsil
0%
73Zira
0%

Score Distribution

Percentile by Number Answered

Percent of People with Each Score

Your Score History

You have not taken this quiz